[Event "SR 2. liga A 2018/2019"]
[Site "?"]
[Date "2018.12.16"]
[Round "6.8"]
[White "Harastova, Viera"]
[Black "Kocak, Branislav"]
[Result "0-1"]
[WhiteElo "1837"]
[BlackElo "1874"]
[PlyCount "118"]
[EventDate "2018.??.??"]
[WhiteTeam "SK Skalica"]
[BlackTeam "SK Nafta Gbely"]

1. d4 {0} Nf6 {0} 2. c4 e6 3. Nc3 Bb4 4. Bg5 h6 5. Bh4 b6 6. Nf3 Bb7 7. e3 g5
8. Bg3 Ne4 9. Rc1 Bxc3+ 10. bxc3 d6 11. Nd2 Nxg3 12. fxg3 d5 13. Nf3 Nd7 14.
cxd5 exd5 15. Bd3 Qe7 16. Qe2 O-O 17. O-O Rfe8 18. Rce1 c5 19. Nd2 cxd4 20.
cxd4 Nf6 21. Qf3 Kg7 22. Re2 Rad8 23. Bb5 Rf8 24. Ref2 Rd6 25. Bd3 Re8 26. Bb5
Bc6 27. Bxc6 Rxc6 28. Re1 Re6 29. Nf1 Ne4 30. Rc2 Rf6 31. Qd1 Qa3 32. g4 Rfe6
33. Qe2 Nf6 34. h3 Ne4 35. Rec1 Qd6 36. Rc6 Qd7 37. Rc7 Qa4 38. R7c2 Rf6 39.
Qd3 a5 40. Rb2 Ree6 41. Rcc2 Rc6 42. Nh2 Rxc2 43. Rxc2 Qb4 44. Rc1 Qb2 45. Rc2
Qb1+ 46. Nf1 Rxf1+ 47. Qxf1 Qxc2 48. Qf5 Qc1+ 49. Kh2 Nf6 50. Qe5 Qc2 51. Qd6
Qxa2 52. Qxb6 a4 53. Qd6 a3 54. Qe5 Qc2 55. Qg3 a2 56. h4 a1=Q 57. hxg5 hxg5
58. Qe5 Qg6 59. Kg3 Qe1+ 0-1

[Event "SR 2. liga A 2018/2019"]
[Site "?"]
[Date "2018.12.16"]
[Round "6.1"]
[White "Spacek, Oliver"]
[Black "Abel, Peter"]
[Result "1/2-1/2"]
[WhiteElo "2197"]
[BlackElo "2222"]
[PlyCount "126"]
[EventDate "2018.??.??"]
[WhiteTeam "SK Osuske B"]
[BlackTeam "SK Kupele Piestany"]

1. d4 Nf6 2. c4 c5 3. Nf3 cxd4 4. Nxd4 g6 5. b3 Bg7 6. Bb2 O-O 7. Nc3 Nc6 8. e4
Qa5 9. Nxc6 dxc6 10. Bd3 Nxe4 11. Bxe4 Bxc3+ 12. Bxc3 Qxc3+ 13. Kf1 Bg4 14. Qe1
Qf6 15. h3 Be6 16. Rd1 Rad8 17. Ke2 Rd4 18. Rxd4 Qxd4 19. Kf3 Rd8 20. Qe3 Qf6+
21. Kg3 Rd4 22. Re1 b5 23. c5 Bd7 24. Bf3 Kf8 25. Rd1 Rxd1 26. Bxd1 Ke8 27. b4
h5 28. h4 Kd8 29. a4 Qa1 30. Bb3 bxa4 31. Bxf7 a3 32. Qf4 Qc3+ 33. f3 Kc8 34.
Qe4 Qf6 35. Bc4 Kc7 36. Qe3 e5 37. Ba2 Kb7 38. Qxa3 Qf4+ 39. Kf2 Qxh4+ 40. Kf1
Qh1+ 41. Kf2 Qh4+ 42. Kf1 Qd4 43. Qb3 Bf5 44. Qf7+ Qd7 45. Qxd7+ Bxd7 46. Bf7
Bf5 47. Kf2 h4 48. Be8 g5 49. Ke2 e4 50. Ke3 exf3 51. Kxf3 Be6 52. Bg6 Bd5+ 53.
Kf2 a5 54. bxa5 Ka6 55. Kg1 Kxa5 56. Bf5 Kb4 57. Kh2 Bc4 58. Kh3 Be2 59. Bg4
Bc4 60. Bd7 Bd5 61. g3 hxg3 62. Kxg3 Kxc5 63. Kg4 Kd6 1/2-1/2

[Event "SR 2. liga A 2018/2019"]
[Site "?"]
[Date "2018.12.16"]
[Round "6.2"]
[White "Nemsak, Denis"]
[Black "Jozefek, Michal"]
[Result "1/2-1/2"]
[WhiteElo "1992"]
[BlackElo "2191"]
[PlyCount "27"]
[EventDate "2018.??.??"]
[WhiteTeam "SK Kupele Piestany"]
[BlackTeam "SK Osuske B"]

1. e4 d6 2. c4 g6 3. Nc3 Bg7 4. d4 Nf6 5. f4 O-O 6. Nf3 c5 7. d5 e6 8. Be2 exd5
9. cxd5 Nbd7 10. O-O c4 11. Bxc4 b5 12. Bd3 Nc5 13. Be3 b4 14. Bxc5 1/2-1/2

[Event "SR 2. liga A 2018/2019"]
[Site "?"]
[Date "2018.12.16"]
[Round "6.3"]
[White "Cajka, Tibor"]
[Black "Manak, Adrian"]
[Result "1-0"]
[WhiteElo "2089"]
[BlackElo "1956"]
[PlyCount "55"]
[EventDate "2018.??.??"]
[WhiteTeam "SK Osuske B"]
[BlackTeam "SK Kupele Piestany"]

1. e4 c5 2. Nf3 e6 3. c4 Nc6 4. Nc3 a6 5. Be2 g6 6. d4 cxd4 7. Nxd4 Bg7 8. Be3
Nge7 9. O-O d5 10. cxd5 exd5 11. exd5 Nxd5 12. Nxd5 Qxd5 13. Bf3 Qd7 14. Nxc6
bxc6 15. Qa4 Bb7 16. Bc5 O-O-O 17. Bb6 Rde8 18. Rfd1 Qe6 19. Bxc6 Re7 20. Bxb7+
Rxb7 21. Rac1+ Kb8 22. Rc6 Qe2 23. Be3 Qb5 24. Bf4+ Ka7 25. Rxa6+ Qxa6 26. Be3+
Rb6 27. Bxb6+ Kb7 28. Rd7+ 1-0

[Event "SR 2. liga A 2018/2019"]
[Site "?"]
[Date "2018.12.16"]
[Round "6.4"]
[White "Slaba, Andrea"]
[Black "Hecko, Dusan"]
[Result "0-1"]
[WhiteElo "1911"]
[BlackElo "2062"]
[PlyCount "70"]
[EventDate "2018.??.??"]
[WhiteTeam "SK Kupele Piestany"]
[BlackTeam "SK Osuske B"]

1. b3 e5 2. Bb2 d6 3. e3 Nf6 4. d4 exd4 5. Qxd4 Be7 6. Nc3 O-O 7. O-O-O Nc6 8.
Qd2 Bf5 9. Nge2 Qd7 10. Nd4 a6 11. Nxf5 Qxf5 12. Bd3 Qe6 13. h3 Ne5 14. Be2
Rad8 15. f4 Nc6 16. Bf3 Rfe8 17. Nd5 Nxd5 18. Bxd5 Qg6 19. e4 Bf6 20. c3 Rd7
21. g4 h6 22. Rhg1 Nd8 23. g5 hxg5 24. fxg5 Be5 25. Rg4 Qh5 26. g6 c6 27. gxf7+
Nxf7 28. Bxf7+ Rxf7 29. Qg2 Ref8 30. Qe2 Qxh3 31. Rgg1 Rf2 32. Qc4+ R8f7 33.
Rh1 Qg2 34. Rdg1 Rc2+ 35. Kd1 Qd2# 0-1

[Event "SR 2. liga A 2018/2019"]
[Site "?"]
[Date "2018.12.16"]
[Round "6.5"]
[White "Gzib, David"]
[Black "Musaev, Urmat"]
[Result "1-0"]
[WhiteElo "2062"]
[BlackElo "1844"]
[PlyCount "49"]
[EventDate "2018.??.??"]
[WhiteTeam "SK Osuske B"]
[BlackTeam "SK Kupele Piestany"]

1. e4 c5 2. Nf3 d6 3. d4 cxd4 4. Nxd4 Nf6 5. Nc3 a6 6. Be2 Nc6 7. Be3 e6 8. g4
Nxd4 9. Bxd4 e5 10. Be3 Be7 11. g5 Nd7 12. Nd5 Nc5 13. b4 Ne6 14. h4 b5 15. Bg4
Bb7 16. Bb6 Qb8 17. Bxe6 fxe6 18. Nc7+ Kd7 19. Qg4 Kc6 20. Ba5 Ra7 21. Rh3 Bc8
22. Rc3+ Kb7 23. Qf3 Bd8 24. Qe3 Bxc7 25. Bxc7 1-0

[Event "SR 2. liga A 2018/2019"]
[Site "?"]
[Date "2018.12.16"]
[Round "6.6"]
[White "Slaby, Jozef"]
[Black "Ocko, Martin"]
[Result "1/2-1/2"]
[WhiteElo "1726"]
[BlackElo "2000"]
[PlyCount "106"]
[EventDate "2018.??.??"]
[WhiteTeam "SK Kupele Piestany"]
[BlackTeam "SK Osuske B"]

1. Nf3 d5 2. c4 e6 3. b3 Nf6 4. Bb2 g6 5. Qc2 Bg7 6. e3 O-O 7. Be2 Nbd7 8. O-O
c5 9. d4 b6 10. Nbd2 Bb7 11. Rad1 Rc8 12. Qb1 Qc7 13. Qa1 Ne4 14. Ne5 Nxe5 15.
dxe5 Rfd8 16. Nf3 Qe7 17. a4 a5 18. Nd2 f5 19. exf6 Nxf6 20. Nf3 Nd7 21. Bxg7
Qxg7 22. Qxg7+ Kxg7 23. Ng5 Nf8 24. Bg4 Kf6 25. h4 Rb8 26. Rd2 dxc4 27. Rxd8
Rxd8 28. bxc4 h6 29. Nh3 Bc6 30. Rb1 Rb8 31. Ra1 Be4 32. Be2 Nd7 33. f4 e5 34.
g4 Bc6 35. Nf2 exf4 36. exf4 g5 37. fxg5+ hxg5 38. h5 Ne5 39. Rf1 Kg7 40. Nh3
Nf7 41. Bd1 Rd8 42. Be2 Re8 43. Kf2 Bxa4 44. Bf3 Bb3 45. Bd5 Ne5 46. Kg3 Bxc4
47. Bxc4 Nxc4 48. Nxg5 Ne5 49. Rc1 Re7 50. Nf3 Nd3 51. Rb1 Nb4 52. Nh4 Rd7 53.
Nf5+ Kg8 1/2-1/2

[Event "SR 2. liga A 2018/2019"]
[Site "?"]
[Date "2018.12.16"]
[Round "6.7"]
[White "Nemeckay, Rastislav"]
[Black "Musaev, Matej Elbek"]
[Result "0-1"]
[WhiteElo "1958"]
[BlackElo "1671"]
[PlyCount "94"]
[EventDate "2018.??.??"]
[WhiteTeam "SK Osuske B"]
[BlackTeam "SK Kupele Piestany"]

1. e4 c5 2. b3 d6 3. Bb2 e6 4. Nf3 Nf6 5. Bb5+ Nbd7 6. Qe2 a6 7. Bxd7+ Bxd7 8.
e5 dxe5 9. Nxe5 Be7 10. O-O O-O 11. d3 Qc7 12. Nxd7 Qxd7 13. Nd2 Nd5 14. Ne4
Nf4 15. Qf3 Ng6 16. Rad1 Qc7 17. Qg3 e5 18. Qf3 Rad8 19. Ng3 Rfe8 20. Rfe1 b5
21. Nf5 Bf6 22. Qe4 h6 23. Bc1 Re6 24. Qg4 Kh8 25. Re4 Ne7 26. Ng3 Rd4 27. Rde1
Qa5 28. Qh5 Kg8 29. a3 Qc3 30. R4e2 Qa5 31. Ne4 Ng6 32. Nxc5 Rc6 33. b4 Qc7 34.
g3 Be7 35. Be3 Rd8 36. Qg4 Kh8 37. Qf5 Bf6 38. f3 Ne7 39. Qg4 Nd5 40. Bf2 Nc3
41. Rd2 Bg5 42. Be3 Rg6 43. Bxg5 Rxg5 44. Qh4 Rd4 45. Ne4 f5 46. f4 Nxe4 47.
Rxe4 fxe4 0-1

[Event "SR 2. liga A 2018/2019"]
[Site "?"]
[Date "2018.12.16"]
[Round "6.8"]
[White "Siska, Kristof"]
[Black "Jarabek, Milan"]
[Result "1/2-1/2"]
[WhiteElo "1755"]
[BlackElo "1769"]
[PlyCount "80"]
[EventDate "2018.??.??"]
[WhiteTeam "SK Kupele Piestany"]
[BlackTeam "SK Osuske B"]

1. e4 c5 2. Nf3 d6 3. d4 cxd4 4. Nxd4 Nf6 5. Nc3 a6 6. Be3 Ng4 7. Bc1 Nf6 8. f3
e6 9. Be3 Be7 10. Bc4 Qc7 11. Bb3 Nbd7 12. Qd2 Nc5 13. O-O-O Nxb3+ 14. axb3 b5
15. h4 b4 16. Na2 d5 17. e5 Nd7 18. Nxb4 Bb7 19. f4 a5 20. Nb5 Qb8 21. Nd3 O-O
22. Nc3 Rc8 23. Rh3 Bc6 24. Bd4 a4 25. bxa4 Bxa4 26. Qe2 Nb6 27. Bxb6 Qxb6 28.
Kd2 d4 29. Nxa4 Rxa4 30. Ke1 Rac4 31. Rd2 Qd8 32. g3 Qc7 33. Rh2 Qc6 34. h5 Bd8
35. b3 Rc3 36. Kf1 Bb6 37. Qg2 Qb5 38. Qe4 Qa6 39. Qe1 Ba5 40. Qe4 Bb6 1/2-1/2

[Event "SR 2. liga A 2018/2019"]
[Site "?"]
[Date "2018.12.16"]
[Round "6.1"]
[White "Ruckschloss, Karol"]
[Black "Sosovicka, Jakub"]
[Result "1-0"]
[WhiteElo "2228"]
[BlackElo "2112"]
[PlyCount "72"]
[EventDate "2018.??.??"]
[WhiteTeam "SK Slovan Bratislava D"]
[BlackTeam "SK Krasnany"]

1. c4 e6 2. d4 d5 3. Nf3 Nf6 4. e3 Be7 5. Bd3 O-O 6. O-O dxc4 7. Bxc4 a6 8. a4
c5 9. b3 Nc6 10. Bb2 cxd4 11. Nxd4 Bd7 12. Nf3 Qb6 13. Nbd2 Rfd8 14. Rc1 Rac8
15. Qe2 Be8 16. Rfd1 h6 17. Bd3 Nd5 18. Nd4 Ne5 19. Bb1 Bf6 20. Ne4 Be7 21. Ng3
Nf6 22. h3 Nc6 23. Bd3 Nb4 24. Bc4 Nbd5 25. Qf3 Bxa4 26. Nxe6 fxe6 27. Bxf6
Nxf6 28. bxa4 Rxd1+ 29. Qxd1 Ba3 30. Rc2 Rc6 31. Qd3 Bf8 32. Ne2 Nd5 33. Rc1
Nb4 34. Qe4 Bc5 35. Nf4 Kh8 36. Bxe6 Rxe6 1-0

[Event "SR 2. liga A 2018/2019"]
[Site "?"]
[Date "2018.12.16"]
[Round "6.3"]
[White "Fabry, Robert"]
[Black "Bronis, Marian"]
[Result "1/2-1/2"]
[WhiteElo "2096"]
[BlackElo "2085"]
[PlyCount "86"]
[EventDate "2018.??.??"]
[WhiteTeam "SK Slovan Bratislava D"]
[BlackTeam "SK Krasnany"]

1. Nf3 d5 2. b3 a5 3. a4 Nf6 4. Bb2 g6 5. e3 Bg7 6. Be2 O-O 7. O-O Na6 8. d3 c6
9. Nbd2 h6 10. Re1 Qc7 11. e4 dxe4 12. dxe4 Rd8 13. Bd4 Qd7 14. Nc4 Qe8 15. Qc1
Nd7 16. Bxg7 Kxg7 17. Qb2+ Kh7 18. e5 Nac5 19. Nd4 Nf8 20. Bf3 Be6 21. Nxe6
Nfxe6 22. Qc3 Rd4 23. Nxa5 Rc8 24. Rad1 Rxd1 25. Rxd1 Rd8 26. Rxd8 Qxd8 27. h3
Qc7 28. Nc4 Ng5 29. a5 Nd7 30. Bg4 Nc5 31. h4 Nge6 32. b4 Na6 33. Qd2 Ng7 34.
c3 Nb8 35. Qd3 h5 36. Bh3 Ne8 37. Qe4 Qd8 38. f4 Nc7 39. Ne3 Qd2 40. f5 Qe1+
41. Kh2 Nd5 42. fxg6+ fxg6 43. Qf3 Qxe3 1/2-1/2

[Event "SR 2. liga A 2018/2019"]
[Site "?"]
[Date "2018.12.16"]
[Round "6.4"]
[White "Janos, Ivan"]
[Black "Kolman, Richard"]
[Result "1-0"]
[WhiteElo "2107"]
[BlackElo "1997"]
[PlyCount "45"]
[EventDate "2018.??.??"]
[WhiteTeam "SK Krasnany"]
[BlackTeam "SK Slovan Bratislava D"]

1. e4 d6 2. d4 Nf6 3. Nc3 c6 4. f4 Qb6 5. Nf3 Bg4 6. e5 Nd5 7. Nxd5 cxd5 8. Bd3
Nc6 9. c3 e6 10. Qe2 Be7 11. O-O g6 12. Be3 Bf5 13. Bxf5 gxf5 14. b4 Qc7 15. c4
dxc4 16. d5 Nd8 17. Rae1 O-O 18. Nd4 a6 19. exd6 Bxd6 20. Qh5 Re8 21. Qg5+ Kf8
22. Qf6 exd5 23. Nxf5 1-0

[Event "SR 2. liga A 2018/2019"]
[Site "?"]
[Date "2018.12.16"]
[Round "6.5"]
[White "Mikulas, Dusan"]
[Black "Biro, Karol"]
[Result "0-1"]
[WhiteElo "1982"]
[BlackElo "2049"]
[PlyCount "100"]
[EventDate "2018.??.??"]
[WhiteTeam "SK Slovan Bratislava D"]
[BlackTeam "SK Krasnany"]

1. e4 e5 2. Nf3 Nc6 3. Bc4 Be7 4. d3 Nf6 5. Nbd2 d5 6. exd5 Nxd5 7. Nf1 Be6 8.
Ng3 Qd7 9. O-O O-O-O 10. c3 Nf4 11. Bb5 Nxd3 12. Qa4 a6 13. Be3 Nxb2 14. Bxc6
Nxa4 15. Bxd7+ Rxd7 16. Nxe5 Rd5 17. Nf3 Bf6 18. c4 Rd3 19. Rac1 h5 20. Ne2 Bg4
21. Nf4 Bxf3 22. gxf3 Rc3 23. Nd5 Rxc1 24. Rxc1 Bd8 25. c5 c6 26. Nf4 Bf6 27.
Ne2 Rd8 28. Ng3 Nc3 29. Rc2 g6 30. Kg2 Rd3 31. Bf4 Be7 32. Bd2 Nd5 33. Ne2 f5
34. Nc1 Rd4 35. Nb3 Ra4 36. Kf1 Bd8 37. Nc1 Bc7 38. h3 Bf4 39. Nd3 Rd4 40. Nxf4
Nxf4 41. h4 Nd5 42. Bg5 Rd1+ 43. Ke2 Ra1 44. Bd2 Rb1 45. a4 Rh1 46. Bg5 Ra1 47.
Rc4 Rxa4 48. Rxa4 Nc3+ 49. Kd2 Nxa4 50. Be3 b6 0-1

[Event "SR 2. liga A 2018/2019"]
[Site "?"]
[Date "2018.12.16"]
[Round "6.7"]
[White "Kuna, Vladimir"]
[Black "Mandak, Miroslav"]
[Result "1-0"]
[WhiteElo "1989"]
[BlackElo "1994"]
[PlyCount "79"]
[EventDate "2018.??.??"]
[WhiteTeam "SK Slovan Bratislava D"]
[BlackTeam "SK Krasnany"]

1. d4 Nf6 2. Nf3 e6 3. c4 Bb4+ 4. Bd2 Be7 5. Nc3 d5 6. e3 O-O 7. Qc2 c6 8. Rc1
Nbd7 9. Bd3 dxc4 10. Bxc4 h6 11. O-O Bd6 12. Ne4 Nxe4 13. Qxe4 Qe7 14. a3 Nf6
15. Qc2 Nd7 16. Bc3 a5 17. Ba2 Re8 18. Bb1 Nf8 19. e4 Qd8 20. Rcd1 b6 21. e5
Be7 22. Nd2 Qc7 23. Ne4 Bb7 24. Rfe1 c5 25. Qe2 Bxe4 26. Bxe4 Rab8 27. d5 exd5
28. Bxd5 Ne6 29. Qg4 Bf8 30. h4 Rbd8 31. Bc4 Qe7 32. f4 Rxd1 33. Rxd1 Rd8 34.
Rxd8 Nxd8 35. f5 Qd7 36. e6 fxe6 37. fxe6 Qe7 38. a4 Nb7 39. Qg6 Nd6 40. Bd3
1-0

[Event "SR 2. liga A 2018/2019"]
[Site "?"]
[Date "2018.12.16"]
[Round "6.8"]
[White "Gettler, Daniel"]
[Black "Munk, Lubomir"]
[Result "1-0"]
[WhiteElo "2049"]
[BlackElo "1809"]
[PlyCount "45"]
[EventDate "2018.??.??"]
[WhiteTeam "SK Krasnany"]
[BlackTeam "SK Slovan Bratislava D"]

1. c4 e5 2. g3 f5 3. Bg2 Nf6 4. Nc3 c6 5. d4 e4 6. d5 d6 7. f3 Qe7 8. Bg5 exf3
9. Nxf3 h6 10. Bxf6 Qxf6 11. O-O g5 12. e4 Bg7 13. exf5 Bxf5 14. Qb3 b6 15.
Rae1+ Kd7 16. Qa4 Qg6 17. dxc6+ Nxc6 18. Nh4 Bd4+ 19. Kh1 gxh4 20. Qxc6+ Kd8
21. Qxa8+ Bc8 22. Qxa7 h3 23. Qe7# 1-0

[Event "SR 2. liga A 2018/2019"]
[Site "?"]
[Date "2018.12.16"]
[Round "6.1"]
[White "Kostolansky, Sebastian"]
[Black "Schwarz, Dusan"]
[Result "1/2-1/2"]
[WhiteElo "2313"]
[BlackElo "2326"]
[PlyCount "51"]
[EventDate "2018.??.??"]
[WhiteTeam "SK Slovan Bratislava E"]
[BlackTeam "SK Doprastav"]

1. e4 e5 2. Nf3 Nc6 3. Bb5 a6 4. Ba4 d6 5. c3 f5 6. exf5 Bxf5 7. O-O Bd3 8. Re1
Be7 9. Bc2 Bxc2 10. Qxc2 Nf6 11. d4 e4 12. Ng5 d5 13. f3 h6 14. Ne6 Qd7 15. Nf4
O-O 16. fxe4 dxe4 17. Nd2 e3 18. Nf3 Bd6 19. Bxe3 Ng4 20. Qb3+ Rf7 21. Bd2 Bxf4
22. Bxf4 Na5 23. Qb4 Nc6 24. Qb3 Na5 25. Qb4 Nc6 26. Qb3 1/2-1/2

[Event "SR 2. liga A 2018/2019"]
[Site "?"]
[Date "2018.12.16"]
[Round "6.2"]
[White "Komora, Andrej"]
[Black "Jancovic, Peter"]
[Result "1/2-1/2"]
[WhiteElo "2292"]
[BlackElo "2286"]
[PlyCount "41"]
[EventDate "2018.??.??"]
[WhiteTeam "SK Doprastav"]
[BlackTeam "SK Slovan Bratislava E"]

1. f4 d5 2. Nf3 Nf6 3. g3 c5 4. Bg2 e6 5. O-O Be7 6. d3 b6 7. Qe1 Bb7 8. Nbd2
O-O 9. e4 dxe4 10. dxe4 Nc6 11. e5 Nd5 12. Ne4 Nd4 13. Nxd4 cxd4 14. Qf2 Qc7
15. Qxd4 Qxc2 16. Bd2 Qc7 17. Rac1 Qd7 18. h3 Rac8 19. Kh2 Rfd8 20. Rxc8 Rxc8
21. Rc1 1/2-1/2

[Event "SR 2. liga A 2018/2019"]
[Site "?"]
[Date "2018.12.16"]
[Round "6.3"]
[White "Privara, Igor"]
[Black "Cech, Dominik"]
[Result "1-0"]
[WhiteElo "2198"]
[BlackElo "2153"]
[PlyCount "87"]
[EventDate "2018.??.??"]
[WhiteTeam "SK Slovan Bratislava E"]
[BlackTeam "SK Doprastav"]

1. e4 c5 2. c3 Nf6 3. e5 Nd5 4. Nf3 e6 5. Bc4 Nb6 6. Bb3 c4 7. Bc2 d6 8. d4
cxd3 9. Qxd3 Nc6 10. exd6 Qxd6 11. Qe2 Be7 12. O-O O-O 13. Re1 Nd5 14. Na3 a6
15. Nc4 Qc7 16. Nce5 Nxe5 17. Nxe5 Nf6 18. Bg5 Nd5 19. Bxe7 Qxe7 20. Rad1 b5
21. Rd4 g6 22. Nxg6 fxg6 23. Rxd5 Qf7 24. Re5 Bd7 25. Bb3 Rae8 26. f3 Kg7 27.
Bxe6 Bxe6 28. Rxe6 Qa7+ 29. Qf2 Qd7 30. Qd4+ Qxd4+ 31. cxd4 Rxe6 32. Rxe6 Rd8
33. Re4 Rc8 34. Re2 Kf6 35. Kf2 Rc4 36. Ke3 Ke6 37. Kd3+ Kd5 38. Re5+ Kd6 39.
h4 Rc1 40. h5 Rd1+ 41. Kc3 Rc1+ 42. Kb3 Rc6 43. hxg6 hxg6 44. d5 1-0

[Event "SR 2. liga A 2018/2019"]
[Site "?"]
[Date "2018.12.16"]
[Round "6.4"]
[White "Polacik, Igor"]
[Black "Nestorenko, Dmitry"]
[Result "1/2-1/2"]
[WhiteElo "2214"]
[BlackElo "2193"]
[PlyCount "43"]
[EventDate "2018.??.??"]
[WhiteTeam "SK Doprastav"]
[BlackTeam "SK Slovan Bratislava E"]

1. c4 e6 2. Nc3 f5 3. g3 b6 4. Bg2 Nc6 5. d4 Bb7 6. Nf3 Bb4 7. Qd3 Nf6 8. O-O
O-O 9. a3 Bxc3 10. Qxc3 Ne4 11. Qc2 Qf6 12. e3 Rac8 13. b4 a5 14. Bb2 d5 15.
cxd5 exd5 16. b5 Nb8 17. Qb3 Qd6 18. Rac1 Nd7 19. Rc2 c5 20. bxc6 Rxc6 21. Rfc1
Rfc8 22. Bf1 1/2-1/2

[Event "SR 2. liga A 2018/2019"]
[Site "?"]
[Date "2018.12.16"]
[Round "6.5"]
[White "Zetocha, Adrian"]
[Black "Vrbova, Niki"]
[Result "1/2-1/2"]
[WhiteElo "2190"]
[BlackElo "2147"]
[PlyCount "92"]
[EventDate "2018.??.??"]
[WhiteTeam "SK Slovan Bratislava E"]
[BlackTeam "SK Doprastav"]

1. d4 d5 2. c4 c6 3. e3 Nf6 4. Nc3 Bf5 5. cxd5 Nxd5 6. Nf3 e6 7. Bc4 Bb4 8. Qb3
Qe7 9. O-O b5 10. Nxd5 exd5 11. Be2 Nd7 12. Bd2 Bxd2 13. Nxd2 O-O 14. Rfc1 Rac8
15. Bd3 Be6 16. Qc2 f5 17. Nb3 Qf7 18. Re1 g5 19. a4 b4 20. Nc5 h5 21. Rac1 h4
22. Ba6 Rc7 23. Bf1 a5 24. Nxd7 Qxd7 25. Qc5 g4 26. g3 hxg3 27. fxg3 Ra8 {(=)}
28. Rc2 Kg7 29. Rec1 Kf6 30. Qb6 c5 31. Rxc5 Rxc5 32. Rxc5 Qxa4 33. Rxd5 Qb3
34. Re5 Re8 35. Qc6 Rc8 36. Qd6 Rc1 37. Qf8+ Bf7 38. Qd8+ Kg6 39. Qd6+ Kg7 40.
Rxf5 Qxe3+ 41. Rf2 Rxf1+ 42. Kxf1 Bc4+ 43. Kg1 Qe1+ 44. Kg2 Qe4+ 45. Kg1 Qe1+
46. Kg2 Qe4+ 1/2-1/2

[Event "SR 2. liga A 2018/2019"]
[Site "?"]
[Date "2018.12.16"]
[Round "6.6"]
[White "Petrik, Stanislav"]
[Black "Vadila, Ondrej"]
[Result "1-0"]
[WhiteElo "2135"]
[BlackElo "2071"]
[PlyCount "63"]
[EventDate "2018.??.??"]
[WhiteTeam "SK Doprastav"]
[BlackTeam "SK Slovan Bratislava E"]

1. e4 c5 2. Nf3 g6 3. d4 cxd4 4. Qxd4 Nf6 5. e5 Nc6 6. Qh4 Nxe5 7. Nxe5 Qa5+ 8.
Nc3 Qxe5+ 9. Be2 Bg7 10. Bf4 Qa5 11. O-O O-O 12. Rfe1 d6 13. Bc4 Qc7 14. Bb3
Re8 15. Bg5 Bd7 16. Re3 Rac8 17. Rae1 Bf5 18. g4 Be6 19. Bxe6 fxe6 20. Rxe6 Qc4
21. h3 Kf7 22. R6e3 b5 23. Ne4 Qd5 24. Rd3 Qc4 25. Bxf6 Bxf6 26. Qxh7+ Kf8 27.
Qxg6 Qf7 28. Qf5 Rxc2 29. Rf3 Kg8 30. Nxd6 exd6 31. Rxe8+ Qxe8 32. Qxc2 1-0

[Event "SR 2. liga A 2018/2019"]
[Site "?"]
[Date "2018.12.16"]
[Round "6.7"]
[White "Djubek, Boris"]
[Black "Orosi, Peter"]
[Result "0-1"]
[WhiteElo "2097"]
[BlackElo "2076"]
[PlyCount "72"]
[EventDate "2018.??.??"]
[WhiteTeam "SK Slovan Bratislava E"]
[BlackTeam "SK Doprastav"]

1. d4 d5 2. Nf3 Nf6 3. c4 e6 4. Nc3 Be7 5. Bg5 O-O 6. e3 b6 7. cxd5 exd5 8. Bd3
Nbd7 9. O-O Bb7 10. Rc1 Rc8 11. Nb5 c5 12. Bf4 Ne4 13. Nd2 g5 14. Bxe4 dxe4 15.
Bd6 a6 16. Bxe7 Qxe7 17. Nc3 cxd4 18. exd4 e3 19. Qe2 Rfe8 20. Qxe3 Qxe3 21.
fxe3 Rxe3 22. Nd5 Re6 23. Rxc8+ Bxc8 24. Kf2 f5 25. Re1 Kf7 26. Rc1 Rd6 27. Ne3
Rxd4 28. Nf3 Nc5 29. Nxd4 Nd3+ 30. Kf1 Nxc1 31. Ndxf5 Bxf5 32. Nxf5 Nxa2 33.
Ke2 Ke6 34. Ne3 Nb4 35. Kd2 Nd5 36. Nc2 a5 0-1

[Event "SR 2. liga A 2018/2019"]
[Site "?"]
[Date "2018.12.16"]
[Round "6.8"]
[White "Bednar, Jan"]
[Black "Sulek, Viliam"]
[Result "1-0"]
[WhiteElo "2032"]
[BlackElo "2024"]
[PlyCount "89"]
[EventDate "2018.??.??"]
[WhiteTeam "SK Doprastav"]
[BlackTeam "SK Slovan Bratislava E"]

1. e4 c6 2. Nc3 g6 3. g3 Bg7 4. Bg2 d6 5. Nge2 Nf6 6. O-O O-O 7. d4 Nbd7 8. h3
Qc7 9. Be3 Rb8 10. a4 b6 11. Qd2 Re8 12. Bh6 Bh8 13. f4 Ba6 14. e5 Bxe2 15.
Nxe2 Nh5 16. g4 Ng7 17. Ng3 Rbd8 18. Qf2 Rf8 19. c3 a5 20. Be4 e6 21. exd6 Qxd6
22. f5 exf5 23. gxf5 Qf6 24. fxg6 fxg6 25. Qxf6 Rxf6 26. Rxf6 Nxf6 27. Bxc6 Ne6
28. Re1 Kf7 29. Bb5 Ng8 30. Bc4 Nxh6 31. Rxe6 Kf8 32. Rxb6 Nf5 33. Nxf5 gxf5
34. Rb7 h6 35. Rf7+ Ke8 36. Rxf5 Rb8 37. Rxa5 Ke7 38. Ra7+ Kf6 39. Ra6+ Kg5 40.
h4+ Kxh4 41. Rxh6+ Kg3 42. a5 Re8 43. a6 Rf8 44. Rg6+ Kh3 45. Rg8 1-0

[Event "SR 2. liga A 2018/2019"]
[Site "?"]
[Date "2018.12.16"]
[Round "6.1"]
[White "Gabris, Ondrej"]
[Black "Farkas, Gabor"]
[Result "0-1"]
[WhiteElo "2176"]
[BlackElo "2370"]
[PlyCount "94"]
[EventDate "2018.??.??"]
[WhiteTeam "KS Pezinok"]
[BlackTeam "SK Senec"]

1. e4 c5 2. Nc3 d6 3. f4 Nc6 4. Nf3 g6 5. Bb5 Bd7 6. d3 Bg7 7. Bxc6 Bxc6 8. O-O
e6 9. Qe1 Ne7 10. h3 Qb6 11. Kh2 O-O-O 12. Rb1 Rhe8 13. Bd2 f5 14. Ng5 Ng8 15.
Nxh7 e5 16. Ng5 Re7 17. Qf2 Nh6 18. b4 Rh8 19. Kh1 Ng4 20. Qf3 cxb4 21. Nd5
Bxd5 22. exd5 exf4 23. Rxb4 Ne5 24. Qxf4 Qa6 25. Ra4 Qb5 26. Rxa7 Qxd5 27. Ra8+
Kc7 28. Qa4 Nc6 29. Rxh8 Bxh8 30. Nf3 Bf6 31. Qb3 Qc5 32. Rb1 Qa7 33. c3 Re2
34. Qf7+ Be7 35. d4 Qa4 36. Qb3 Qa6 37. d5 Ne5 38. Nxe5 dxe5 39. Bh6 Bd6 40. a4
b6 41. c4 Qa5 42. Be3 Re1+ 43. Kh2 e4+ 44. g3 Re2+ 45. Kh1 Bc5 46. Bxc5 Qxc5
47. Qc3 Qf2 0-1

[Event "SR 2. liga A 2018/2019"]
[Site "?"]
[Date "2018.12.16"]
[Round "6.2"]
[White "Balogh, Peter"]
[Black "Hartl, Jan"]
[Result "1-0"]
[WhiteElo "2263"]
[BlackElo "2028"]
[PlyCount "49"]
[EventDate "2018.??.??"]
[WhiteTeam "SK Senec"]
[BlackTeam "KS Pezinok"]

1. d4 Nf6 2. c4 c5 3. d5 b5 4. cxb5 a6 5. bxa6 Bxa6 6. Nc3 g6 7. Nf3 Bg7 8. e4
Bxf1 9. Kxf1 d6 10. h3 O-O 11. Kg1 Qa5 12. Kh2 Na6 13. Re1 Nd7 14. Bg5 Rfb8 15.
Re2 Ne5 16. Rc1 Nb4 17. Nxe5 Bxe5+ 18. f4 Bxc3 19. Rxc3 Nxa2 20. Rce3 f6 21.
Bh6 Nb4 22. e5 c4 23. exf6 exf6 24. Qe1 Nxd5 25. Re8+ 1-0

[Event "SR 2. liga A 2018/2019"]
[Site "?"]
[Date "2018.12.16"]
[Round "6.3"]
[White "Klemanic, Emil"]
[Black "Takacs, Laszlo"]
[Result "1/2-1/2"]
[WhiteElo "2130"]
[BlackElo "2308"]
[PlyCount "88"]
[EventDate "2018.??.??"]
[WhiteTeam "KS Pezinok"]
[BlackTeam "SK Senec"]

1. e4 c5 2. Nc3 a6 3. g3 b5 4. Bg2 Bb7 5. d3 e6 6. Qe2 Nc6 7. Nf3 Nd4 8. Nxd4
cxd4 9. Nd1 Rc8 10. O-O b4 11. f4 Qc7 12. Rf2 Ne7 13. b3 Nc6 14. Nb2 Na7 15.
Nc4 Nb5 16. f5 e5 17. f6 g6 18. Bh3 h5 19. Bg5 Nc3 20. Qd2 Qc5 21. a4 bxa3 22.
Rxa3 Nb1 23. Ra5 Nxd2 24. Rxc5 Rxc5 25. Bxd2 Bc6 26. Bb4 Rxc4 27. Bxf8 Kxf8 28.
dxc4 Kg8 29. c3 dxc3 30. Rc2 Bxe4 31. Rxc3 Kh7 32. Re3 d5 33. cxd5 Bxd5 34.
Rxe5 Bxb3 35. Bf1 Rd8 36. Re3 Ba4 37. Re7 Bb3 38. Re3 Ba4 39. Re7 Rd7 40. Rxd7
Bxd7 41. Bxa6 g5 42. Bd3+ Kh6 43. h4 gxh4 44. gxh4 Bf5 1/2-1/2